000
00299nam a22001337a 4500
008
170727b xxu||||| |||| 00| 0 eng d
020
_a
1418836230
041
_a
eng
080
_a
004
100
_a
31
101
_a
SHK
245
_a
MICROSOFT VISUAL BASIC 2005: RELOADED
_c
ZAK,D
942
_2
udc
_c
BK
999
_c
22007
_d
22007